MARC details
| 000 -CABECERA |
| campo de control de longitud fija |
01332cam a2200277 a 4500 |
| 001 - NÚMERO DE CONTROL |
| campo de control |
000006632 |
| 005 - FECHA Y HORA DE LA ÚLTIMA TRANSACCIÓN |
| campo de control |
20200929153948.0 |
| 008 - DATOS DE LONGITUD FIJA--INFORMACIÓN GENERAL |
| campo de control de longitud fija |
910530m19901993ck ac 001 0cspa |
| 040 ## - FUENTE DE LA CATALOGACIÓN |
| Centro catalogador/agencia de origen |
DO-SdBNP |
| Lengua de catalogación |
spa |
| Centro/agencia modificador |
BNPHU |
| 082 ## - NÚMERO DE LA CLASIFICACIÓN DECIMAL DEWEY |
| Número de clasificación |
xxxx |
| Número de documento/Ítem |
E64 |
| 245 00 - MENCIÓN DE TÍTULO |
| Título |
Epistolario de Angel y Rufino Jose Cuervo con colombianos / |
| Mención de responsabilidad, etc. |
edicion, presentacion y notas de Angelina Araujo Velez. |
| 260 ## - PUBLICACIÓN, DISTRIBUCIÓN, ETC. |
| Lugar de publicación, distribución, etc. |
Bogota : |
| Nombre del editor, distribuidor, etc. |
Instituto Caro y Cuervo, |
| Fecha de publicación, distribución, etc. |
1990. |
| 300 ## - DESCRIPCIÓN FÍSICA |
| Extensión |
2 v. : |
| Otras características físicas |
il. ; |
| Dimensiones |
24 cm. |
| 440 10 - MENCIÓN DE SERIE/PUNTO DE ACCESO ADICIONAL--TÍTULO |
| Título |
Publicaciones del Instituto Caro y Cuervo. |
| Nombre de parte o sección de la obra |
Archivo epistolar colombiano ; |
| Designación de volumen o secuencia |
21 |
| 9 (RLIN) |
18409 |
| 500 ## - NOTA GENERAL |
| Nota general |
Incluye índice. |
| 600 10 - PUNTO DE ACCESO ADICIONAL DE MATERIA--NOMBRE DE PERSONA |
| Nombre de persona |
Cuervo, Angel, |
| Fechas asociadas al nombre |
1838-1896 |
| Subdivisión general |
Correspondence. |
| 9 (RLIN) |
18410 |
| 600 10 - PUNTO DE ACCESO ADICIONAL DE MATERIA--NOMBRE DE PERSONA |
| Nombre de persona |
Cuervo, Rufino Jose, |
| Fechas asociadas al nombre |
1844-1911 |
| Subdivisión general |
Correspondence. |
| 9 (RLIN) |
18411 |
| 651 #0 - PUNTO DE ACCESO ADICIONAL DE MATERIA--NOMBRE GEOGRÁFICO |
| Nombre geográfico |
Colombia |
| Subdivisión general |
Intellectual Life |
| Subdivisión cronológica |
19th century. |
| 9 (RLIN) |
18412 |
| 650 #0 - PUNTO DE ACCESO ADICIONAL DE MATERIA--TÉRMINO DE MATERIA |
| Término de materia o nombre geográfico como elemento de entrada |
Authors, colombian |
| Subdivisión cronológica |
19th century |
| Subdivisión general |
Correspondence. |
| 9 (RLIN) |
18413 |
| 650 #0 - PUNTO DE ACCESO ADICIONAL DE MATERIA--TÉRMINO DE MATERIA |
| Término de materia o nombre geográfico como elemento de entrada |
Philologists |
| Subdivisión geográfica |
Colombia |
| Subdivisión general |
Correspondence. |
| 9 (RLIN) |
18414 |
| 700 12 - PUNTO DE ACCESO ADICIONAL--NOMBRE DE PERSONA |
| Nombre de persona |
Cuervo, Angel, |
| Fechas asociadas al nombre |
1838-1896. |
| Título de la obra |
Correspondence. |
| Subencabezamiento de forma |
Selections. |
| 9 (RLIN) |
18415 |
| 700 12 - PUNTO DE ACCESO ADICIONAL--NOMBRE DE PERSONA |
| Nombre de persona |
Cuervo, Rufino Jose, |
| Fechas asociadas al nombre |
1844-1911. |
| Título de la obra |
Correspondence. |
| Subencabezamiento de forma |
Selections. |
| 9 (RLIN) |
18416 |
| 700 1# - PUNTO DE ACCESO ADICIONAL--NOMBRE DE PERSONA |
| Nombre de persona |
Araujo Velez, Angelina, |
| Término indicativo de función/relación |
ed. |
| 9 (RLIN) |
18417 |
| 740 0# - PUNTO DE ACCESO ADICIONAL--TÍTULO RELACIONADO O ANALÍTICO NO CONTROLADO |
| Título relacionado o analítico no controlado |
Epistolario de Rufino J. y Angel Cuervo con corresponsales colombianos. |
| 830 #0 - PUNTO DE ACCESO ADICIONAL DE SERIE-TÍTULO UNIFORME |
| Título uniforme |
Publicaciones del Instituto Caro y Cuervo. |
| Nombre de parte o sección de la obra |
Archivo epistolar colombiano ; |
| Designación de volumen o secuencia |
21 |
| 9 (RLIN) |
18409 |